| 000 | 00636nam a2200205Ia 4500 | ||
|---|---|---|---|
| 001 | 17030 | ||
| 003 | GE_BSU | ||
| 008 | 181216s||||||||xx |||||||||||||| ||und|| | ||
| 040 | _cGE_BSU | ||
| 080 | _a821.353.1-94 | ||
| 100 | _aმარკოვი, ე. | ||
| 245 | _aმონადირის მოგონებანი. | ||
| 250 | _aმე-2 შევს. გამოც. | ||
| 260 | _aთბილისი | ||
| 260 | _bსაბჭ. საქართველო | ||
| 260 | _c1959 | ||
| 300 | _a370გვ. : ილ. ; 20სმ. | ||
| 653 | _aმონადირის მოგონებანი | ||
| 942 | _cBK | ||
| 999 |
_c50092 _d50092 |
||